000 00687cam a2200241 4500
008 000000n1999 000 0 eng u
020 _a0922154554
035 _a(Sirsi) u105417
050 _a333.332
100 _aBell, R.
245 _aReal estate damages : an analysis of detrimental conditions.
260 _aChicago
_bAppraisal Institute
_c1999
300 _axiv,361p.
_bill.
_c26cm.
350 _a42.00
650 _aENVIRONMENTAL CONDITIONS
650 _aGEOTECHNOLOGY
650 _aMARKET CONDITIONS
650 _aPROPERTY VALUES
650 _aPROPERTY VALUATION
650 _aSOIL CONDITIONS
690 _aPROPERTY-PROPERTY APPRAISAL AND VALUATION
942 _n0
999 _c100390
_d100390